000 00268nam a22001217a 4500
040 _cSY
082 _a979
100 _aNA
245 _aការស៊ើបអង្ដេតវិវាទដីធ្លី
260 _aRUA
_bNA
_cNA
300 _a35p.
942 _cKB
999 _c9907
_d9907